The roses of May / (Record no. 379345)
[ view plain ]
| 000 -LEADER | |
|---|---|
| fixed length control field | 01860nam a2200373 i 4500 |
| 001 - CONTROL NUMBER | |
| control field | ocn985700193 |
| 003 - CONTROL NUMBER IDENTIFIER | |
| control field | OCoLC |
| 005 - DATE AND TIME OF LATEST TRANSACTION | |
| control field | 20221207151912.0 |
| 008 - FIXED-LENGTH DATA ELEMENTS--GENERAL INFORMATION | |
| fixed length control field | 170505s2017 wau 000 1 eng d |
| 020 ## - INTERNATIONAL STANDARD BOOK NUMBER | |
| International Standard Book Number | 9781503939509 |
| Qualifying information | (pbk.) |
| 020 ## - INTERNATIONAL STANDARD BOOK NUMBER | |
| International Standard Book Number | 1503939502 |
| Qualifying information | (pbk.) |
| 035 ## - SYSTEM CONTROL NUMBER | |
| System control number | (OCoLC)985700193 |
| 040 ## - CATALOGING SOURCE | |
| Original cataloging agency | VPW |
| Language of cataloging | eng |
| Description conventions | rda |
| Transcribing agency | VPW |
| 092 ## - LOCALLY ASSIGNED DEWEY CALL NUMBER (OCLC) | |
| Classification number | adult fiction |
| Item number | Hutchison |
| 100 1# - MAIN ENTRY--PERSONAL NAME | |
| Personal name | Hutchison, Dot, |
| Relator term | author. |
| 9 (RLIN) | 5710971 |
| 245 14 - TITLE STATEMENT | |
| Title | The roses of May / |
| Statement of responsibility, etc | Dot Hutchison. |
| 264 #1 - Production, Publication, Distribution, Manufacture, and Copyright Notice. | |
| Place of production, publication, distribution, manufacture | Seattle : |
| Name of producer, publisher, distributor, manufacturer | Thomas & Mercer, |
| Date of production, publication, distribution, manufacture, or copyr | 2017. |
| 264 #4 - Production, Publication, Distribution, Manufacture, and Copyright Notice. | |
| Date of production, publication, distribution, manufacture, or copyr | ©2017. |
| 300 ## - PHYSICAL DESCRIPTION | |
| Extent | 289 pages ; |
| Dimensions | 21 cm. |
| 490 1# - SERIES STATEMENT | |
| Series statement | Collector trilogy ; |
| Volume number/sequential designation | book 2. |
| 520 ## - SUMMARY, ETC. | |
| Summary, etc | "Four months after the explosion at the Garden, a place where young women known as the Butterflies were kept captive, FBI agents Brandon Eddison, Victor Hanoverian, and Mercedes Ramirez are still entrenched in the aftermath, helping survivors in the process of adjusting to life on the outside. With winter coming to an end, the Butterflies have longer, warmer days of healing ahead. But for the agents, the impending thaw means one gruesome thing: a chilling guarantee that somewhere in the country, another young woman will turn up dead in a church with her throat slit and her body surrounded by flowers"--Back cover. |
| 610 10 - SUBJECT ADDED ENTRY--CORPORATE NAME | |
| Corporate name or jurisdiction name as entry element | United States. |
| Subordinate unit | Federal Bureau of Investigation |
| Form subdivision | Fiction. |
| 9 (RLIN) | 5674245 |
| 650 #0 - SUBJECT ADDED ENTRY--TOPICAL TERM | |
| Topical term or geographic name as entry element | Government investigators |
| Form subdivision | Fiction. |
| 9 (RLIN) | 5674416 |
| 650 #0 - SUBJECT ADDED ENTRY--TOPICAL TERM | |
| Topical term or geographic name as entry element | Kidnapping |
| General subdivision | Investigation |
| Form subdivision | Fiction. |
| 9 (RLIN) | 5749315 |
| 650 #0 - SUBJECT ADDED ENTRY--TOPICAL TERM | |
| Topical term or geographic name as entry element | Serial murderers |
| Form subdivision | Fiction. |
| 9 (RLIN) | 5674253 |
| 650 #0 - SUBJECT ADDED ENTRY--TOPICAL TERM | |
| Topical term or geographic name as entry element | Young women |
| General subdivision | Crimes against |
| Form subdivision | Fiction. |
| 9 (RLIN) | 5695421 |
| 655 #7 - INDEX TERM--GENRE/FORM | |
| Genre/form data or focus term | Thrillers (Fiction) |
| Source of term | lcgft. |
| 9 (RLIN) | 5697221 |
| 655 #7 - INDEX TERM--GENRE/FORM | |
| Genre/form data or focus term | Psychological fiction. |
| Source of term | lcgft. |
| 9 (RLIN) | 5673631 |
| 800 1# - SERIES ADDED ENTRY--PERSONAL NAME | |
| Personal name | Hutchison, Dot. |
| Title of a work | Collector series ; |
| Volume/sequential designation | bk. 2. |
| 9 (RLIN) | 6459232 |
| 942 ## - ADDED ENTRY ELEMENTS (KOHA) | |
| Source of classification or shelving scheme | Dewey Decimal Classification |
| Koha item type | BOOK |
| Withdrawn status | Lost status | Source of classification or shelving scheme | Damaged status | Not for loan | Collection code | Home library | Current library | Shelving location | Date acquired | Source of acquisition | Serial Enumeration / chronology | Total Checkouts | Total Renewals | Full call number | Barcode | Date last seen | Date checked out | Cost, replacement price | Price effective from | Koha item type |
|---|---|---|---|---|---|---|---|---|---|---|---|---|---|---|---|---|---|---|---|---|
| Dewey Decimal Classification | Fiction | Wasatch County Library | Wasatch County Library | First Floor | 12/07/2022 | Amazon | #2 Collector | 3 | 5 | F Hutchison | 34301001850694 | 10/26/2025 | 08/28/2025 | 14.49 | 12/07/2022 | BOOK |
